| 000 | 01067nam a2200277 a 4500 | ||
|---|---|---|---|
| 001 | 1032 | ||
| 003 | BR-CuiBMT | ||
| 005 | 20231127013543.0 | ||
| 008 | 231110s2015 prb 000 0 por d | ||
| 020 | _a9788566456066 | ||
| 040 |
_aBR-CuiBMT _cBR-CuiBMT |
||
| 080 |
_a342.9:351.94 _22007 _x(079.1) |
||
| 090 |
_a342.9:351.94(079.1) _bC744 |
||
| 245 | 0 | 0 |
_aConcurso público : _bpolêmicas e jurisprudências do STF, STJ e tribunais de contas / _cFrancisney Liberato Batista Siqueira (organizador) ; prefácio José dos Santos Carvalho Filho ; [autores Fabrício Motta ... et al.]. |
| 260 |
_aCuritiba : _bEditora Graciosa, _cc2015. |
||
| 300 |
_a278 p. ; _c21 cm |
||
| 500 | _aPrefácio retirado da capa. | ||
| 504 | _aInclui bibliografia. | ||
| 650 |
_aNormas jurídicas _xConcursos |
||
| 650 |
_aServiço público _xConcursos _zBrasil |
||
| 650 |
_aServidores públicos _xSeleção |
||
| 650 |
_aServidores públicos _xJurisprudência |
||
| 700 | 1 |
_aSiqueira, Francisney Liberato Batista _4org. |
|
| 700 | 1 |
_aMotta, Fabrício _4et al. _4autores |
|
| 942 |
_2udc _cLV |
||
| 999 |
_c1032 _d1032 |
||